Repertorio bibliografico delle opere stampate in Italia nel secolo XIX / (Record no. 152030)

MARC details
000 -LEADER
campo de control de longitud fija 00620nam a22001695i 4500
001 - NÚMERO DE CONTROL
campo de control 152030
003 - IDENTIFICADOR DE NÚMERO DE CONTROL
campo de control ES-MaACL
005 - FECHA Y HORA DE LA ÚLTIMA TRANSACCIÓN
campo de control 20230906204512.0
008 - DATOS DE LONGITUD FIJA--INFORMACIÓN GENERAL
campo de control de longitud fija 051011m18761880it | |||||||| ||ita d
040 ## - FUENTE DE CATALOGACIÓN
Centro catalogador/agencia de origen CAM
Lengua de catalogación spa
Centro/agencia transcriptor CAM
100 1# - ENTRADA PRINCIPAL--NOMBRE DE PERSONA
Nombre de persona Bertocci, Giuseppe.
9 (RLIN) 125966
245 10 - MENCIÓN DEL TÍTULO
Título Repertorio bibliografico delle opere stampate in Italia nel secolo XIX /
Mención de responsabilidad, etc. compilato da Giuseppe Bertocci.
260 ## - PUBLICACIÓN, DISTRIBUCIÓN, ETC.
Lugar de publicación, distribución, etc. Roma :
Nombre del editor, distribuidor, etc. [s.n.],
Fecha de publicación, distribución, etc. 1876-1880 (
Fabricante Tipografia di Mario Armanni)
300 ## - DESCRIPCIÓN FÍSICA
Extensión 2 v. (pag, var.) ;
Dimensiones 22 cm.
651 #4 - PUNTO DE ACCESO ADICIONAL DE MATERIA--NOMBRE GEOGRÁFICO
Nombre geográfico Italia-
Subdivisión general Historia-
Subdivisión de forma Bibliografía.
9 (RLIN) 158271
852 ## - LOCALIZACIÓN
Ubicación ES-MaACL
Número de control de estantería B-2028-29
Nota libre -- Enc. pasta española
Holdings
Estatus retirado Estado de pérdida Estado de daño No para préstamo Colección Biblioteca de origen Biblioteca actual Ubicación en estantería Fecha de adquisición Total de préstamos Signatura topográfica completa Código de barras Visto por última vez Precio de reemplazo Tipo de ítem Koha
        Libros del s. XIX Biblioteca del Ateneo de Madrid Biblioteca del Ateneo de Madrid Sala Pardo Bazán 17/01/2008   B-2028-29 1158690 23/02/2023 23/02/2023 Libro impreso antiguo